000 00880nam a2200217Ia 4500
003 Ost
005 20260426125804.0
008 260426s9999||||xx |||||||||||||| ||und||
040 _cfsecg
041 _afre
082 _a1.4
100 _aSlimann, A
_eAuteur
245 0 _aLe Stage Pratique :
_blicence 3 éme année : filiére entrainement /
_cA Slimann
260 _aAlger :
_bUniversité d'Alger3 Faculté des sciences économiques commerciales et des sciences de gestion,
_c2020
300 _a21 feuil,
_billustration,
_c30 cm
504 _abibliographie feuil 24
520 _aautour du stage pratique , guide de réalisation d'un rapport de stage pratique , guide de stage pratique .
653 _aLe Stage Pratique
710 _aUniversité d'Alger3 Faculté des sciences économiques commerciales et des sciences de gestion
_eÉditeur scientifique
942 _cHANDOUT
999 _c41495
_d41495